[Event "FRA-chT U20 0203"]
[Site "Clichy"]
[Date "2003.01.05"]
[Round "7.3"]
[White "Pottier, Alexandre"]
[Black "Peyre, Niels"]
[Result "1-0"]
[WhiteElo "1820"]
[BlackElo "1450"]
[PlyCount "119"]
[EventDate "2002.12.??"]
[EventType "team"]
[EventRounds "11"]
[EventCountry "FRA"]
[SourceTitle "EXT 2004"]
[Source "ChessBase"]
[SourceDate "2003.11.25"]
[SourceVersion "1"]
[SourceVersionDate "2003.11.25"]
[SourceQuality "1"]
[WhiteTeam "Paris NAO"]
[BlackTeam "Avignon"]
[WhiteTeamCountry "FRA"]
[BlackTeamCountry "FRA"]

1. e4 c5 2. Nf3 d6 3. d4 cxd4 4. Nxd4 Nf6 5. Nc3 g6 6. Bc4 Bg7 7. f3 0-0 8. Be3 Nc6 9. Qd2 Nxd4 10. Bxd4 b6 11. 0-0-0 Bb7 12. h4 e6 13. Be3 Re8 14. Bh6 Bh8 15. Qxd6 Qxd6 16. Rxd6 Red8 17. Rhd1 Rxd6 18. Rxd6 Ne8 19. Rxe6 Bxc3 20. Re7 Nd6 21. bxc3 a5 22. Rd7 Nxc4 23. Rxb7 f5 24. exf5 gxf5 25. Rg7+ Kh8 26. Rf7 Re8 27. Rf8+ Rxf8 28. Bxf8 Kg8 29. Bh6 Kf7 30. Kd1 Kg6 31. Bf4 h5 32. Ke2 b5 33. Kd3 Nb2+ 34. Kd4 Na4 35. Bc7 b4 36. Bxa5 Nxc3 37. Bxb4 Ne2+ 38. Ke3 Ng3 39. Bd6 f4+ 40. Bxf4 Nf5+ 41. Ke4 Nxh4 42. g3 Ng2 43. Bd2 Kf6 44. f4 Ke6 45. Kf3 Kf5 46. Kxg2 Kg4 47. c4 Kf5 48. a4 Ke6 49. c5 Kd7 50. f5 Kc6 51. f6 Kxc5 52. f7 h4 53. f8Q+ Kd5 54. gxh4 Ke4 55. Qf4+ Kd3 56. Ba5 Kc2 57. Qe3 Kb1 58. Qd2 Ka1 59. Bc3+ Kb1 60. Qb2# 1-0

[Event "FRA-chT U20 0203"]
[Site "Clichy"]
[Date "2003.01.04"]
[Round "5.3"]
[White "Chiu, Alexandre"]
[Black "Peyre, Niels"]
[Result "1-0"]
[WhiteElo "2022"]
[BlackElo "1450"]
[PlyCount "75"]
[EventDate "2002.12.??"]
[EventType "team"]
[EventRounds "11"]
[EventCountry "FRA"]
[SourceTitle "EXT 2004"]
[Source "ChessBase"]
[SourceDate "2003.11.25"]
[SourceVersion "1"]
[SourceVersionDate "2003.11.25"]
[SourceQuality "1"]
[WhiteTeam "Clichy"]
[BlackTeam "Avignon"]
[WhiteTeamCountry "FRA"]
[BlackTeamCountry "FRA"]

1. d4 d5 2. c4 Nf6 3. cxd5 Nxd5 4. e4 Nf6 5. Nc3 e6 6. Bg5 Be7 7. Qd2 c6 8. Bc4 0-0 9. f3 h6 10. Be3 c5 11. d5 a6 12. a4 a5 13. Nge2 b6 14. 0-0 Ba6 15. Ba2 Qd7 16. dxe6 Qxd2 17. exf7+ Kh8 18. Bxd2 Nc6 19. Rfd1 c4 20. Nb5 Rxf7 21. Bxc4 Bc5+ 22. Kh1 Rd7 23. Bc3 Rad8 24. Rxd7 Rxd7 25. Nf4 Nb4 26. e5 Nfd5 27. Rd1 Bb7 28. Bxb4 Bxb4 29. Nxd5 Kh7 30. Nf6+ Kg6 31. Nxd7 Bc6 32. e6 Bxd7 33. exd7 Be7 34. d8Q Bxd8 35. Rxd8 Kh5 36. Bf7+ g6 37. Rd5+ Kh4 38. g3+ 1-0

[Event "FRA-chT U20 0203"]
[Site "Clichy"]
[Date "2002.12.01"]
[Round "3.3"]
[White "Huertas, Guillaume"]
[Black "Peyre, Niels"]
[Result "1-0"]
[WhiteElo "1800"]
[BlackElo "1450"]
[PlyCount "73"]
[EventDate "2002.12.??"]
[EventType "team"]
[EventRounds "11"]
[EventCountry "FRA"]
[SourceTitle "EXT 2004"]
[Source "ChessBase"]
[SourceDate "2003.11.25"]
[SourceVersion "1"]
[SourceVersionDate "2003.11.25"]
[SourceQuality "1"]
[WhiteTeam "Montpellier"]
[BlackTeam "Avignon"]
[WhiteTeamCountry "FRA"]
[BlackTeamCountry "FRA"]

1. e4 e5 2. Nf3 Nc6 3. Bc4 Bc5 4. c3 d6 5. d4 Bb6 6. dxe5 dxe5 7. Qxd8+ Nxd8 8. Nxe5 Nf6 9. Bd3 Ne6 10. b4 Nf4 11. Bxf4 0-0 12. 0-0 Be6 13. Nd2 Nd7 14. Nxd7 Bxd7 15. Nc4 Rfe8 16. Nxb6 axb6 17. Rfc1 c5 18. Bc7 b5 19. bxc5 Ra3 20. Bd6 Re6 21. e5 f6 22. Bf5 Re8 23. Bxd7 Rea8 24. e6 b4 25. e7 Kf7 26. e8Q+ Rxe8 27. Bxe8+ Kxe8 28. Re1+ Kd7 29. Re7+ Kc6 30. Rc7+ Kd5 31. cxb4 b6 32. Rd1+ Ke6 33. Re7+ Kf5 34. h3 bxc5 35. Rxg7 cxb4 36. Re1 Rxa2 37. g4# 1-0